00589nam a2200157Ia 4500008004100000041000800041082001500049100001700064245004500081260002900126365001600155700001700171906005400188999001900242952017000261230718s9999 xx 000 0 und d aeng a006.3bNIL aNilsson N.J. aArtificial IntelligencebA New Synthesis bElsevier/ MorganKaufmann cRs.b450.00 aNilsson N.J. dO:0231102-Dec-2011B:1008528-Nov-2011cETC b112.5 c329272d329272 00104070aCCEPbCCEPd2011-12-02eTechnical Book ServicesfETC g337.50i10085l0o006.3pCCEP-BK-40479r2023-07-18 00:00:00t112.5v450.00w2011-11-28yBKz040479